00545nam a2200217Ia 450000500170000000800460001702000180006303700100008104000080009104000080009904000080010704100080011504100080012308400080013110000120013924500690015126000310022026000090025165000220026085600450028220260306153836.0008 260114s9999 xx 000 0 eng d a9781139583749 aEBOOK aCRL beng cCRL 2eng aeng qCRL aFrancis 0aCivil Rights and the Making of the Modern American State 1st ed bCambridge University Press c2014 aPolitical Science uhttps://doi.org/10.1017/CBO9781139583749